书目信息 |
| 题名: |
对话与合作
|
|
| 作者: | 王之佳 编著 | |
| 分册: | ||
| 出版信息: | 北京 中国环境科学出版社 2002.12 |
|
| 页数: | 511页 | |
| 开本: | 18cm | |
| 丛书名: | ||
| 单 册: | ||
| 中图分类: | X-12 | |
| 科图分类: | ||
| 主题词: | 环境科学 , 劳动?0 , 安全学 | |
| 电子资源: | ||
| ISBN: | 7-80163-459-4 | |
| 000 | 00706nam0 2200229 45 | |
| 001 | 0457976201 | |
| 005 | 2004042916061374 | |
| 010 | @a7-80163-459-4@dCNY 39.00 | |
| 100 | @a20040429d2002 km y0chiy0120 ea | |
| 101 | 0 | @achi |
| 102 | @aCN@b110000 | |
| 200 | 1 | @a对话与合作@Adui hua yu he zuo@e全球环境问题和中国环境外交@f王之佳编著@FWang Zhi Jia Bian Zhu |
| 210 | @a北京@c中国环境科学出版社@d2002.12 | |
| 215 | @a511页@d18cm | |
| 517 | @a全球环境问题和中国环境外交@Aquan qiu huan jing wen ti he zhong guo huan jing wai jiao | |
| 606 | 0 | @a环境科学 |
| 606 | 0 | @a劳动?0 |
| 606 | @a安全学 | |
| 690 | @aX-12@v3 | |
| 701 | 0 | @a王之佳@AWang Zhi Jia@4编著 |
| 801 | 0 | @aCN@bPFT@c20040429 |
| 905 | @dX-12@eW462 | |
| 对话与合作:全球环境问题和中国环境外交/王之佳编著.-北京:中国环境科学出版社,2002.12 |
| 511页;18cm |
| ISBN 7-80163-459-4:CNY 39.00 |
| ● |
| 相关链接 |
|
|
|
正题名:对话与合作
索取号:X-12/W462
 
预约/预借
| 序号 | 登录号 | 条形码 | 馆藏地/架位号 | 状态 | 备注 |
| 1 | 379154 | 203791548 | 自科二线400A/400A自科库 31排2列3层/ [索取号:X-12/W462] | 在馆 | |
| 2 | 379155 | 203791557 | 自科二线400A/400A自科库 25排2列5层/ [索取号:X-12/W462] | 在馆 | |
| 3 | 379156 | 203791566 | 自科库501/501自科库 60排6列3层/ [索取号:X-12/W462] | 在馆 |